skbl

Dr Suryya Kumar Bhuyan Library Web-OPAC
ডঃ সূৰ্য্য
কুমাৰ ভূঞা পুথিভঁৰাল ৱেব-অ'পেক

All Research Scholars are advised to clear the annual library fees to continue using Library Resources, Remote Access, Plagiarism Test and Library Clearance.

Cotton University Book Fair 2026

Molecular Biology and Genetic Engineering / (Record no. 7876)

MARC details
000 -LEADER
fixed length control field 00720nam a2200265Ia 4500
001 - CONTROL NUMBER
control field 7889
005 - DATE AND TIME OF LATEST TRANSACTION
control field 20240113234040.0
007 - PHYSICAL DESCRIPTION FIXED FIELD--GENERAL INFORMATION
fixed length control field ta
008 - FIXED-LENGTH DATA ELEMENTS--GENERAL INFORMATION
fixed length control field 050713s1996 a g b000 u eng u
020 ## - INTERNATIONAL STANDARD BOOK NUMBER
Terms of availability PB
040 ## - CATALOGING SOURCE
Original cataloging agency Cotton College Assam
041 ## - LANGUAGE CODE
Language code of text/sound track or separate title eng
082 ## - DEWEY DECIMAL CLASSIFICATION NUMBER
Classification number 574.88
Item number Na 164 Mo
100 ## - MAIN ENTRY--PERSONAL NAME
Personal name Narayanan, L.M. .
245 #0 - TITLE STATEMENT
Title Molecular Biology and Genetic Engineering /
Statement of responsibility, etc. L.M. Narayanan...(et al).
Medium Textual Documents
250 ## - EDITION STATEMENT
Edition statement 1st ed /
260 ## - PUBLICATION, DISTRIBUTION, ETC.
Place of publication, distribution, etc. Kottar :
Name of publisher, distributor, etc. Saras Publication ,
Date of publication, distribution, etc. 1996.
300 ## - PHYSICAL DESCRIPTION
Extent viii, 202p. :
Other physical details ill ;
Dimensions 21cm. .
653 ## - INDEX TERM--UNCONTROLLED
Uncontrolled term Biology
653 ## - INDEX TERM--UNCONTROLLED
Uncontrolled term Molecular Biology
653 ## - INDEX TERM--UNCONTROLLED
Uncontrolled term Genetic Engineering
942 ## - ADDED ENTRY ELEMENTS (KOHA)
Source of classification or shelving scheme Dewey Decimal Classification
Koha item type Books
Holdings
Withdrawn status Lost status Damaged status Not for loan Collection Home library Current library Date acquired Coded location qualifier Total checkouts Full call number Barcode Date last seen Copy number Price effective from Koha item type
          Dr. Suryya Kumar Bhuyan Library Dr. Suryya Kumar Bhuyan Library 01/02/2012 00000   574.88 Na 164 Mo 481/Bot 13/01/2024 1 01/02/2012 Books

Designed and Maintained by Team SKBL
©1901-2026

Powered by Koha